Manual de educação física e desportos (Registo nº 99)

Detalhes MARC
000 -Etiqueta do registo
Cabeçalho 01087nam0a2200277 4500
005 - Identificador da versão
Campo de controlo 20240813121754.0
010 ## - Número internacional normalizado dos livros (ISBN)
Número (ISBN) 9728528817
100 ## - Dados gerais de processamento
Dados gerais de processamento 20191126d2002 a e0pory5003 ba
102 ## - Pais de publicação ou produção
País de publicação Portugal
101 1# - Língua de publicação
Língua do texto, banda sonora, etc. Português
Língua do documento no original Espanhol
215 ## - Descrição física 
Indicação específica da natureza do documento e extensão da espécie 4 vol.
Outras indicações físicas il. color
200 1# - Titulo e menção de responsabilidade
Título próprio Manual de educação física e desportos
Informação de outro título técnicas e actividades práticas
Primeira menção de responsabilidade dir. A. Joel Matos
210 ## - Publicação, Distribuição, etc. 
Lugar da edição, distribuição, etc. Barcelona
Nome do editor, distribuidor, etc. Editorial Oceano
Lugar da edição, distribuição, etc. Loures
Nome do editor, distribuidor, etc. Crerital
Data da publicação, distribuição, etc. cop. 2002
517 1# - Outras variantes do título
Variant Title Didáctica da educação física e do desporto
Informação de outro título anatomia, fisiologia e biomecânica
-- higiene. Vol. 1
Variant Title Lesões desportivas
Informação de outro título hábitos de vida saudável
-- grupos especiais. Vol. 2
Variant Title Actividades físico-desportivas
Informação de outro título guia prático de ensino-aprendizagem. Vol. 3
Variant Title Fundamentos do treino
Informação de outro título qualidades físicas
-- nutrição
-- testes. Vol. 4
606 ## - Nome comum usado como assunto
Número de registo de entrada de autoridade 0003155
Palavra de ordem Educação física
Código do sistema CA
Número de registo de entrada de autoridade 0003156
Palavra de ordem Desportos
Código do sistema CA
675 ## - Classificação Decimal Universal (CDU)
Notação 796/799
Edição 3ª ed.
Língua da edição por
702 #1 - Nome de autor-pessoa física (responsabilidade secundária)
Número de registo de entrada de autoridade 0003158
Palavra de ordem Matos
Outra parte do nome não tomada para palavra de ordem A. Joel
Código de função Diretor / Director teatral / Realizador
966 ## - Identificação da Biblioteca
Sigla EB2,3ENM
942 ## - Elementos de entrada adicionados (Koha)
Tipo de item no Koha Livro
Exemplares
Situação do levantamento Origin of item (home branch) (coded) Biblioteca de empréstimo Código de barras Cota Circulation type (not for loan) Tipo de documento Nota do exemplar Damaged status
  Biblioteca Escolar Eng. Nuno Mergulhão Biblioteca Escolar Eng. Nuno Mergulhão BENM597 79 MAN   Livro Sem mensagem  
  Biblioteca Escolar Eng. Nuno Mergulhão Biblioteca Escolar Eng. Nuno Mergulhão BENM598 79 MAN   Livro Sem mensagem  
  Biblioteca Escolar Eng. Nuno Mergulhão Biblioteca Escolar Eng. Nuno Mergulhão BENM599 79 MAN   Livro Sem mensagem  
  Biblioteca Escolar Eng. Nuno Mergulhão Biblioteca Escolar Eng. Nuno Mergulhão BENM600 79 MAN   Livro Sem mensagem